UBT Library

Anthropology : (Record no. 43603)

000 -LEADER
fixed length control field 00737cam a2200229 a 4500
001 - CONTROL NUMBER
control field 14653376
005 - DATE AND TIME OF LATEST TRANSACTION
control field 20180227072446.0
008 - FIXED-LENGTH DATA ELEMENTS--GENERAL INFORMATION
fixed length control field 061201s2008 nyuab b 001 0 eng
010 ## - LIBRARY OF CONGRESS CONTROL NUMBER
LC control number 2006100160
020 ## - INTERNATIONAL STANDARD BOOK NUMBER
International Standard Book Number 9780195189766 (pbk.)
040 ## - CATALOGING SOURCE
Original cataloging agency DLC
Transcribing agency DLC
Modifying agency DLC
041 ## - LANGUAGE CODE
Language code of text/sound track or separate title eng
080 ## - UNIVERSAL DECIMAL CLASSIFICATION NUMBER
Universal Decimal Classification number 301 LAV
082 00 - DEWEY DECIMAL CLASSIFICATION NUMBER
Classification number 301 LAV
Edition number 22
100 1# - Rafti
Rafti 23
101 ## - Shkurtesa
Shkurtesa ANT
245 10 - TITLE STATEMENT
Title Anthropology :
Statement of responsibility, etc Robert H. Lavenda, Emily A. Schultz.
504 ## - BIBLIOGRAPHY, ETC. NOTE
Bibliography, etc Includes bibliographical references (p. 503-521) and index.
906 ## - LOCAL DATA ELEMENT F, LDF (RLIN)
a 7
b cbc
c orignew
d 1
e ecip
f 20
g y-gencatlg
942 ## - ADDED ENTRY ELEMENTS (KOHA)
Source of classification or shelving scheme
Item type Books
Holdings
Withdrawn status Lost status Source of classification or shelving scheme Damaged status Not for loan Collection code Permanent location Current location Shelving location Date acquired Total Checkouts Full call number Barcode Date last seen Price effective from Koha item type
          Koleksioni i përgjithshem UBT - Lipjan UBT - Lipjan Koleksioni i përgjithshem 02/27/2018   301 LAV 002-3000268 02/27/2018 02/27/2018 Books
UBT Library © 2015-2024. All rights reserved University Education for Business and Technology